Znaki Interpunkcyjne - Statystyki

Ogólne statystyki
  • Ten quiz został rozwiązany 90 razy
    8 od ostatniego zresetowania
  • Średni wynik to 30 z 47
Statystyki odpowiedzi
Hint Odpowiedź % Poprawnych
4 Cztery
100%
2 Dwa
100%
1 Jeden
100%
8 Osiem
100%
5 Pięć
100%
7 Siedem
100%
6 Sześć
100%
3 Trzy
100%
& Amferant
75%
" Cudzysłów
75%
$ Dolar
75%
: Dwukropek
75%
9 Dziewięć
75%
Euro
75%
* Gwiazdka
75%
. Kropka
75%
@ Małpa
75%
- Minus / Myślnik
75%
( ) Nawias
75%
Nieskończoność
75%
π Pi
75%
+ Plus
75%
_ Podłoga / Znak Podkreślenia
75%
% Procent
75%
, Przecinek
75%
= Równa się / Znak równości
75%
° Stopień / Stopni
75%
/ Ukośnik
75%
! Wykrzyknik
75%
0 Zero
75%
? Znak Zapytania / Pytajnik
75%
# Hasztag
50%
¥ Jen
50%
Ptaszek
50%
; Średnik
50%
~ Tylda / Falisty myślnik / Fala
50%
... Wielokropek / Trójkropek
50%
' Apostrof
25%
¢ Cent
25%
Delta
25%
§ Paragraf
25%
Promil
25%
< Znak mniejszości
25%
™® Znak towarowy
25%
> Znak większości
25%
£ Funt
0%
Znak nierówności
0%
Nie znaleziono quizów pasujących do podanych kryteriów
Rozkład punktacji
Procent ludzi z każdym wynikiem
Percentyl według liczby udzielonych odpowiedzi
Twoja historia wyników
Nie rozwiązałeś tego quizu od ostatniego zresetowania